| 000 | 01402cab a2200241 4500 | ||
|---|---|---|---|
| 001 | ABS67537 | ||
| 008 | 040303n2003 000 0 eng u | ||
| 035 | _a(Sirsi) u125319 | ||
| 100 | _aMacrory, R. | ||
| 245 | _aEnvironmental assessment, direct effect and old mineral workings | ||
| 260 | _c2003 | ||
| 490 |
_aENDS Report _v(348) January 2004, 44-45(2) |
||
| 520 | _aThe decision in "R v SOS Transport ex p Wells (C-201/02)" reinforces the legal significance of the EU Directive on environmental assessment (Directive 85/337/EEC). The European Court of Justice has held that the assessment procedures clearly apply to former minerals permissions reactivated under later UK legislation. The Court's confirmation that the Directive may be invoked by individuals before national courts and its consideration of what does and does not amount to a consent under the procedures are likely to have ramifications beyond the field of quarrying. View judgment at http://europa.en.int. | ||
| 590 | _aABS | ||
| 650 | _aR V SOS TRANSPORT EX P WELLS | ||
| 650 | _aDIRECTIVE 85/337/EEC | ||
| 650 | _aQUARRYING | ||
| 650 | _aMINERAL WORKINGS | ||
| 650 | _aENVIRONMENTAL ASSESSMENT | ||
| 690 | _aMINING AND MINERALS | ||
| 856 |
_uhttps://europa.eu.int/smartapi/cgi/sga_doc?smartapi!celexapi!prod!CELEXnumdoc&lg=EN&numdoc=62002J0201&model=guichett _zView judgment on the Europa website... |
||
| 942 | _n0 | ||
| 999 |
_c74227 _d74227 |
||